| 000 | 02334nam a2200409 c 4500 | ||
|---|---|---|---|
| 003 | BLK | ||
| 005 | 20180422103154.0 | ||
| 008 | 180408b bul|||||r ||||||| ||bul|| | ||
| 010 | _aKNG00075220000 | ||
| 020 |
_a978-954-92467-2-8 _bиздат.: Комис. за разкриване на док. и за обявяване на ... |
||
| 040 | _aBLK | ||
| 041 |
_aBUL _cBUL |
||
| 072 | 7 |
_2bullib _aН35 _xОбществено управление. Военни науки Н |
|
| 080 |
_aОргани на обществения ред. Полиция. Обществена власт. Доброволни отреди. Държавна сигурност. Милиция. Дейност на полицията по вътрешно разузнаване _b351.74 _x(497.2)(093.2) _z351.74(497.2)(093.2) |
||
| 700 | 1 |
_aБонева, Мария _eсъстав. _9371240 |
|
| 700 | 1 |
_aХристов, Христо Станев _eсъстав. _9371241 |
|
| 710 | 1 |
_aБългария. Министерство на вътр. работи. Дирекция Държавна сигурност _9292982 |
|
| 139 |
_aБългария. Министерство на вътр. работи. Дирекция Държавна сигурност _bБ 92 |
||
| 245 | 1 | 0 |
_aДържавна сигурност - структура и основни документи _bДокум. сб. _cсъстав. Мария Бонева; състав. Христо Станев Христов. |
| 246 | 1 | 1 | _aState Security Services - Structure and Basic Documents |
| 257 | _aBGR | ||
| 260 |
_аСофия _bКомис. за разкриване на док. и за обявяване на ... _c2010 _fКостинброд : Мултипринт |
||
| 300 |
_a508 с. _bс факс., сх. _c30 см |
||
| 380 | _a3 | ||
| 490 | 1 | _aИз архивите на ДС | |
| 500 | _aСъдържа: Списък на док. ; Именен показалец. - Рез. на бълг., англ. ез. | ||
| 650 | 4 |
_aДържавна сигурност - България _9254494 |
|
| 651 | 4 |
_aБългария _9241624 |
|
| 653 | _aдържавна сигурност | ||
| 653 | _aдокументи | ||
| 659 | _aН | ||
| 852 | _aЦб ІІ 16890 | ||
| 856 | 4 |
_qpdf _u |
|
| 856 | 4 |
_qpdf _u |
|
| 942 |
_cKNG _n0 |
||
| 944 |
_aCR _c29.09.2011 _kВаля_Йорданова |
||
| 944 |
_aED _c29.05.2012 _k |
||
| 999 |
_c70857 _d70857 |
||